000 01220nam a2200313 a 4500
001 000116073
003 CHAP
005 20220329144559.0
008 190904s2019 mx | |sm |||||||spa d
010 _a112534
011 _a113506
040 _cCHAP
090 _aTesis
100 1 _aRodríguez Serrano, Andrés Camilo.
_9129196
245 1 0 _aEvaluación mineral de los componentes del sistema silvopastoril con Leucaena leucocephala en Apatzingán y Tepalcatepec, Michoacán, México
_h[En línea]
_cpor Andrés Camilo Rodríguez Serrano.
260 _aChapingo, Méx. :
_bEl autor,
_c2019.
500 _aPara ver el contenido del material haga clic en la liga
502 _aTesis (Ph. D. en Innovación Ganadera) -- UACH. Departamento de Zootecnia
590 _aE6337LMJ
_b05
_c20190904
_lUCH01
_h1200
590 _aE6337LMJ
_b05
_c20190904
_lUCH01
_h1200
650 1 4 _aGanado lechero
_xAlimentación.
_945238
650 1 4 _aLeucaena leucocephala como forraje.
_9132650
650 1 4 _aMinerales en nutrición animal.
_975937
650 1 4 _aSistemas agrosilvopascícolas.
_9106737
856 _aFinding aid
_uhttp://10.13.5.2/tesis/sist116073.pdf
_zTeclea aquí
901 _aBK
942 _cTESIS
942 _n0
999 _c112534
_d112534